Statistics for All Teams Ever Played For by Keisuke Honda

Click here to take the quiz!

General Stats

  • This quiz has been taken 31 times
  • The average score is 3 of 10

Answer Stats

GroupYearsAnswer% Correct
Player2014-2017AC Milan
96%
Player2008-2018Japan
61%
Player2010-2013CSKA Moscow
57%
Player2020Botafogo
21%
Player2018-2019Melbourne Victory
21%
Manager2018-Cambodia
14%
Player2004-2007Nagoya Grampus
7%
Player2008-2009VVV-Venlo
7%
Player2017-2018Pachuca
4%
Player2019Vitesse Arnhem
0%

Score Distribution

Percentile by Number Answered

Percent of People with Each Score

Your Score History

You have not taken this quiz